000 00828nam a22002895a 4500
001 13660167
003 OSt
005 20230620101814.0
008 040720s2003 stka d 000 0 eng
015 _aGBA3-41845
020 _a0007126700
035 _a(OCoLC)ocm52396517
040 _aUKM
_cUKM
_dTXH
_dDLC
042 _alccopycat
082 0 4 _a423
_bCOL
245 0 0 _aCollins dictionary.
260 _aGlasgow :
_bHarperCollins,
_c2008.
300 _a1953 p. :
_bill. ;
500 _aSpine title: Collins Concise English Dictionary.
650 0 _aScience
_vDictionaries.
740 0 _aScience.
740 0 _aCollins dictionary of science.
740 0 _aDictionary of science.
906 _a0
_bibc
_ccopycat
_d3
_encip
_f20
_gy-gencatlg
942 _2ddc
_cBK
999 _c1545
_d1545